Business Cycle Co-Movements in Europe: Does Trade Matter? dizertačná práca

Guardado en:
Detalles Bibliográficos
Autor principal: Országhová, Lucia, 1982-
Autor Corporativo: Národohospodárska fakulta EU. Katedra hospodárskej politiky
Otros Autores: Workie Tiruneh, Menbere
Formato: Libro
Lenguaje:inglés
Publicado: Bratislava 2022
Materias:
Etiquetas: Agregar Etiqueta
Sin Etiquetas, Sea el primero en etiquetar este registro!

MARC

LEADER 00000nbm a2200000 4500
001 0287273
005 20230302100431.3
041 0 |a eng 
044 |a SK 
245 1 0 |a Business Cycle Co-Movements in Europe: Does Trade Matter?  |b dizertačná práca  |c Lucia Országhová ; školiteľ: Menbere Workie Tiruneh 
264 1 |a Bratislava  |c 2022 
300 |a 112 s. 
610 2 0 |a cykly hospodárske 
610 2 0 |a obchod medzinárodný 
610 2 0 |a Európa 
100 1 |a Országhová, Lucia, 1982- 
700 1 |a Workie Tiruneh, Menbere 
710 2 |a Národohospodárska fakulta EU. Katedra hospodárskej politiky